| 000 | 006180000a22001810004500 | ||
|---|---|---|---|
| 003 | MACL | ||
| 005 | 20160119160432.0 | ||
| 008 | 160119b xxu||||| |||| 00| 0 eng d | ||
| 040 |
_aMACL _cMACL |
||
| 041 | _aEnglish | ||
| 082 | _a001/BAT | ||
| 100 |
_aश्री एस सी मित्तल _933311 |
||
| 245 | _aआधुनिक साक्षात्कार | ||
| 260 |
_bब्राईट कैरियर्स इन्स्टीटयूट _c1968 _aदिल्ली |
||
| 350 | _a60 | ||
| 650 |
_aसाक्षात्कार _931561 |
||
| 942 |
_cHIN _k001/ BAT _2ddc |
||
| 999 |
_c30475 _d30475 |
||